[Event "Mechanics' Leighton Allen TNM; G/2"]
[Site "San Francisco"]
[Date "2015.08.18"]
[Round "3.31"]
[White "Nagle, Michael"]
[Black "Delaney, Will Fred"]
[Result "0-1"]
[WhiteElo "1376"]
[BlackElo "1800"]
[PlyCount "76"]
[EventDate "2015.??.??"]

1. e4 c5 2. Nf3 Nc6 3. Nc3 d6 4. Bc4 Nf6 5. d4 cxd4 6. Nxd4 g6 7. Be3 Bg7 8. f3
Bd7 9. Qd2 Qc7 10. Ncb5 Qb8 11. Bh6 O-O 12. Bxg7 Kxg7 13. O-O-O a6 14. Nc3 b5
15. Bb3 Na5 16. Bd5 Ra7 17. Rhe1 b4 18. Nce2 e6 19. Bb3 Rd8 20. Ng3 e5 21. Nde2
Nxb3+ 22. axb3 Be6 23. Nf5+ Bxf5 24. exf5 a5 25. fxg6 hxg6 26. Ng3 Qc8 27. Rxe5
a4 28. Nf5+ gxf5 29. Qg5+ Kh7 30. Rd4 Kh8 31. Rh4+ Nh7 32. Qh6 f6 33. Qxf6+ Kg8
34. Qg6+ Rg7 35. Qe6+ Qxe6 36. Rxe6 axb3 37. cxb3 Rxg2 38. Reh6 Rc8+ 0-1

[Event "Mechanics' Winter TNM; 30/90, SD/30"]
[Site "San Francisco"]
[Date "2015.02.10"]
[Round "6.31"]
[White "Nagle, Michael"]
[Black "Sachs-Weintraub, Julian"]
[Result "0-1"]
[WhiteElo "1465"]
[BlackElo "1626"]
[PlyCount "62"]
[EventDate "2015.??.??"]

1. e4 e5 2. Nf3 Nc6 3. Bb5 d6 4. O-O Nf6 5. Re1 Be7 6. c3 O-O 7. d4 exd4 8.
cxd4 Bg4 9. Bxc6 bxc6 10. Nc3 d5 11. e5 Nd7 12. Qd3 Nb6 13. h3 Bh5 14. Bf4 c5
15. dxc5 Bxc5 16. Ng5 Bg6 17. Qg3 Be7 18. e6 Rc8 19. Rad1 h6 20. exf7+ Bxf7 21.
Nxf7 Rxf7 22. Bxh6 Bh4 23. Qg4 Bxf2+ 24. Kh1 Bxe1 25. Rxe1 Qd7 26. Qg3 Rcf8 27.
Kg1 Rf6 28. Bg5 Rg6 29. Qh4 d4 30. Re7 Qf5 31. Ne4 Nd5 0-1

[Event "Mechanics' Spring TNM; G/2"]
[Site "San Francisco"]
[Date "2015.04.14"]
[Round "5.39"]
[White "Nagle, Michael"]
[Black "Sherwood, Peter"]
[Result "0-1"]
[WhiteElo "1430"]
[BlackElo "1669"]
[PlyCount "54"]
[EventDate "2015.??.??"]

1. e4 c5 2. Nf3 d6 3. d4 cxd4 4. Nxd4 Nf6 5. Nc3 a6 6. Bd3 e5 7. Nf3 Be7 8. h3
O-O 9. Be3 Nbd7 10. Qd2 b5 11. a3 Bb7 12. O-O Rc8 13. Nd5 Bxd5 14. exd5 e4 15.
Nh4 exd3 16. Qxd3 Ne5 17. Qf5 Qd7 18. Qf4 Nxd5 19. Qg3 Nxe3 20. fxe3 Bxh4 21.
Qxh4 Rxc2 22. b4 Qc6 23. Qg3 Qe4 24. Rad1 Nc4 25. Rf3 Re2 26. Re1 Rxe1+ 27.
Qxe1 Nxa3 0-1

[Event "Mechanics' Spring TNM; G/2"]
[Site "San Francisco"]
[Date "2015.04.07"]
[Round "4.35"]
[White "Nagle, Michael"]
[Black "Vazquez, Erasmo"]
[Result "0-1"]
[WhiteElo "1430"]
[BlackElo "1576"]
[PlyCount "56"]
[EventDate "2015.??.??"]

1. e4 c6 2. d4 d5 3. exd5 cxd5 4. c4 Nf6 5. Nc3 e6 6. Nf3 Nc6 7. Bf4 a6 8. Bd3
Be7 9. O-O O-O 10. cxd5 exd5 11. h3 h6 12. Re1 Be6 13. Qd2 Nb4 14. Ne5 Nxd3 15.
Qxd3 Nd7 16. Re3 Nxe5 17. Bxe5 Bg5 18. f4 Bf6 19. Rf1 Bxe5 20. dxe5 d4 21. Rg3
dxc3 22. Rxg7+ Kxg7 23. Qg3+ Kh7 24. f5 Rg8 25. Qxc3 Qd5 26. Qc2 Qd4+ 27. Kh1
Bd5 28. Qc7 Rxg2 0-1

[Event "Mechanics' Leighton Allen TNM; G/2"]
[Site "?"]
[Date "2015.08.11"]
[Round "1"]
[White "Nassif, Wassim"]
[Black "Eytan, David"]
[Result "1-0"]
[WhiteElo "1217"]
[BlackElo "1658"]
[PlyCount "66"]
[EventDate "2015.??.??"]

1. e4 c5 2. Nf3 Nc6 3. c3 g6 4. d4 cxd4 5. cxd4 Bg7 6. Nc3 d6 7. Bb5 Bd7 8. O-O
Nf6 9. Be3 O-O 10. Bd3 Nb4 11. a3 Nxd3 12. Qxd3 Rc8 13. h3 a6 14. Rfd1 b5 15.
b4 Rxc3 16. Qxc3 Nxe4 17. Qc2 Bf5 18. Qb2 Qb6 19. Rab1 Rc8 20. Rbc1 Rxc1 21.
Rxc1 d5 22. Rc8+ Bxc8 23. Ng5 Nxg5 24. Bxg5 Bxd4 25. Qd2 e5 26. Be3 Bxe3 27.
Qxe3 Qxe3 28. fxe3 Kg7 29. h4 Kf6 30. g3 Kf5 31. Kf2 Ke4 32. Ke2 Bg4+ 33. Kd2
Kf3 1-0

[Event "Mechanics' Fall TNM; G/2"]
[Site "San Francisco"]
[Date "2015.12.01"]
[Round "7.40"]
[White "Nassif, Wassim J"]
[Black "Baterdene, Jonatha"]
[Result "0-1"]
[WhiteElo "1217"]
[BlackElo "629"]
[PlyCount "44"]
[EventDate "2015.??.??"]

1. e4 e5 2. Nf3 Nf6 3. Nc3 Nc6 4. Bc4 Nxe4 5. Nxe4 d5 6. Bb3 dxe4 7. Ng1 Bc5 8.
Ne2 Qg5 9. O-O Bh3 10. Ng3 Bg4 11. Qe1 Nd4 12. Nxe4 Qe7 13. Ba4+ b5 14. Bb3 Be2
15. c3 Bxf1 16. cxd4 Bxd4 17. Qxf1 O-O 18. Rb1 Qd7 19. Qd3 g5 20. Nxg5 Bxf2+
21. Kh1 Qxd3 22. Nf3 Qf1+ 0-1

[Event "Mechanics' Leighton Allen TNM; G/2"]
[Site "San Francisco"]
[Date "2015.09.01"]
[Round "5.35"]
[White "Nassif, Wassim J"]
[Black "Gomez, David Flores"]
[Result "0-1"]
[WhiteElo "1217"]
[BlackElo "1844"]
[PlyCount "62"]
[EventDate "2015.??.??"]

1. e4 d6 2. d4 g6 3. Nf3 Bg7 4. Be3 Nf6 5. Bd3 O-O 6. Nc3 Nbd7 7. O-O e5 8. d5
Nh5 9. Qd2 a6 10. a4 Ndf6 11. b4 Ng4 12. h3 Nxe3 13. Qxe3 Nf4 14. Nd2 Bh6 15.
Qf3 Nxh3+ 16. gxh3 Bxd2 17. Na2 Bf4 18. Kh1 Qh4 19. Kg2 Qg5+ 20. Kh1 h5 21. Nc3
Qh4 22. Kg2 {Diagram #} Bg4 $1 23. Qg3 Bxg3 24. fxg3 Qxh3+ 25. Kg1 Qxg3+ 26.
Kh1 h4 27. Ne2 Bf3+ 28. Rxf3 Qxf3+ 29. Kh2 Kg7 30. Ng1 Qf2+ 31. Kh3 Qg3# 0-1

[Event "Mechanics' Leighton Allen TNM; G/2"]
[Site "San Francisco"]
[Date "2015.09.15"]
[Round "7.30"]
[White "Nassif, Wassim J"]
[Black "James, Charles"]
[Result "1/2-1/2"]
[WhiteElo "1217"]
[BlackElo "1464"]
[Annotator "Donaldson"]
[PlyCount "75"]
[EventDate "2015.??.??"]

1. e4 e6 2. d4 d5 3. e5 c5 4. c3 Nc6 5. Bb5 (5. Nf3 Qb6 6. Be2 (6. a3) 6...
cxd4 7. cxd4 Nge7 (7... Nh6 8. b3 Nf5 9. Bb2) 8. Na3 Nf5 9. Nc2) 5... Bd7 6.
Qe2 (6. Nf3 Nxe5) 6... Qb6 7. a4 a6 8. Bxc6 Bxc6 9. Nf3 Be7 10. Be3 c4 11. O-O
Qa5 12. Qc2 b5 13. b4 cxb3 14. Qxb3 bxa4 15. Qa2 Bb5 16. Rc1 Rc8 17. Bd2 Rc4
18. Na3 Bxa3 19. Qxa3 Ne7 20. Rcb1 Qc7 21. Rb4 O-O 22. Rc1 Rc8 23. Rxc4 dxc4
24. Be3 Nd5 25. Bd2 Qe7 26. Qxe7 Nxe7 27. Ra1 Nd5 28. Ne1 Rb8 29. Nc2 Rc8 (
29... Bd7) 30. g3 f6 31. f4 f5 32. Kf2 a5 33. Ra3 Rb8 34. h4 Bc6 35. Ke2 Rb3
36. Ke1 Rb1+ 37. Ke2 Rb3 (37... Kf7) 38. Ke1 1/2-1/2

[Event "Mechanics' Fall TNM; G/2"]
[Site "San Francisco"]
[Date "2015.11.24"]
[Round "6.33"]
[White "Nassif, Wassim J"]
[Black "Macintyre, Brendan"]
[Result "0-1"]
[WhiteElo "1217"]
[BlackElo "1575"]
[PlyCount "78"]
[EventDate "2015.??.??"]

1. e4 c5 2. Nf3 Nc6 3. Bc4 d6 4. O-O Nf6 5. d3 g6 6. Nc3 Bg7 7. a3 O-O 8. Be3
Ng4 9. Bf4 Nge5 10. Bb3 Nxf3+ 11. Qxf3 Nd4 12. Qe3 Nxb3 13. cxb3 Bd4 14. Qg3
Be6 15. Nd5 Bxd5 16. exd5 Qb6 17. Bc1 Qxb3 18. Rb1 Qxd5 19. Be3 Be5 20. Bf4
Bxf4 21. Qxf4 Qxd3 22. Rfe1 Rfe8 23. Rbd1 Qb3 24. Rd2 Qb6 25. Rde2 e6 26. Qd2
d5 27. Qc3 Rac8 28. Re5 c4 29. Rd1 Red8 30. Rd4 Qd6 31. Re3 e5 32. Rh4 d4 33.
Qb4 dxe3 34. Qxd6 Rxd6 35. fxe3 Rd2 36. Re4 f6 37. Kf1 Rxb2 38. Rxc4 Rxc4 39.
h3 Rc1# 0-1

[Event "Mechanics' Fall TNM; G/2"]
[Site "San Francisco"]
[Date "2015.10.27"]
[Round "2.23"]
[White "Nassif, Wassim J"]
[Black "Newey, Richard H"]
[Result "0-1"]
[WhiteElo "1217"]
[BlackElo "1855"]
[PlyCount "84"]
[EventDate "2015.??.??"]

1. e4 c5 2. Nf3 d6 3. Nc3 Nf6 4. Be2 Nc6 5. O-O g6 6. d3 Bg7 7. Bd2 O-O 8. Qc1
Nd4 9. Be3 Nxe2+ 10. Nxe2 Bg4 11. Ng3 Qd7 12. Qd1 h5 13. e5 Nd5 14. d4 cxd4 15.
Bxd4 dxe5 16. Bc5 Rfd8 17. h3 Be6 18. Rb1 Qc8 19. Ba3 Ne3 20. Qxd8+ Qxd8 21.
fxe3 Qb6 22. Kf2 Bh6 23. Rbe1 Rc8 24. b3 Rxc2+ 25. Re2 Rxe2+ 26. Nxe2 Bxe3+ 27.
Kg3 Qa6 28. Nfg1 Qxa3 29. Rf3 Qc5 30. b4 Qb6 31. Rf1 Bc4 32. Rf3 f5 33. Kh2 Kh7
34. h4 Bd5 35. Rf1 Qxb4 36. g3 Qe4 37. Nf3 Qc2 38. Ng5+ Kg8 39. Nh3 Qxe2+ 40.
Rf2 Bxf2 41. Ng1 Bxg1+ 42. Kxg1 Qg2# 0-1

[Event "Mechanics' Winter TNM; 30/90, SD/30"]
[Site "San Francisco"]
[Date "2015.01.13"]
[Round "2.33"]
[White "Nelson, Christopher"]
[Black "Eastham, Asher"]
[Result "0-1"]
[WhiteElo "1665"]
[BlackElo "1471"]
[PlyCount "108"]
[EventDate "2015.??.??"]

1. d4 d5 2. Nf3 Nf6 3. Bg5 Nbd7 4. e3 e6 5. Bd3 c5 6. c3 Be7 7. Nbd2 h6 8. Bh4
O-O 9. Qe2 cxd4 10. exd4 a6 11. O-O Re8 12. Rac1 (12. Ne5) 12... b5 13. Bc2 (
13. Ne5) 13... Nb6 14. Ne5 Bb7 15. Bxf6 Bxf6 16. Qd3 Rc8 17. Ndf3 Nc4 18. Qh7+
Kf8 19. Rfe1 Ke7 20. Ng4 Rh8 21. Qf5 Kf8 22. Qf4 Bg5 23. Nxg5 Qxg5 24. Qxg5
hxg5 25. b3 Nd6 26. Bd3 Ke7 27. Ne5 Rc7 28. Re2 Rhc8 29. Rec2 f6 30. Nf3 Rc6
31. Ne1 R8c7 32. f3 Bc8 33. g4 Bd7 34. Bg6 Be8 35. Bxe8 Kxe8 36. Nd3 Nb7 37. f4
gxf4 38. Nxf4 Kf7 39. h4 Rc8 40. h5 Nd6 41. Nd3 Ne4 42. c4 bxc4 43. Nb4 Rb6 44.
a3 a5 45. Nd3 Rxb3 46. Nc5 Nxc5 47. dxc5 Rxc5 48. Kg2 Rcb5 49. g5 fxg5 50. Rf1+
Ke7 51. a4 Rb8 52. Rff2 Rf8 53. Rxf8 Kxf8 54. Rf2+ Ke7 0-1

[Event "Mechanics' Spring TNM; G/2"]
[Site "San Francisco"]
[Date "2015.03.24"]
[Round "2.10"]
[White "Nelson, Christopher"]
[Black "Gaffagan, Steven"]
[Result "0-1"]
[WhiteElo "1665"]
[BlackElo "2128"]
[PlyCount "66"]
[EventDate "2015.??.??"]

1. e4 c5 2. Nf3 d6 3. d4 cxd4 4. Nxd4 e6 5. Nc3 a6 6. Be2 Nf6 7. Bg5 Be7 8. f4
h6 9. Bh4 Qc7 10. Qd2 Nxe4 11. Nxe4 Bxh4+ 12. g3 Be7 13. O-O-O d5 14. Nf2 Nc6
15. Nxc6 bxc6 16. Nd3 Rb8 17. Qc3 Bf6 18. Ne5 c5 19. Rhe1 O-O 20. b3 Bd7 21.
Bxa6 Ra8 22. Qd3 c4 23. Bxc4 Rxa2 24. Nxd7 Qxd7 25. Kd2 Rc8 26. Re2 Qc7 27. Ba6
Bc3+ 28. Ke3 Qb6+ 29. Kf3 Qxa6 30. Qe3 Bf6 31. Rdd2 Rc3 32. Rd3 Raxc2 33. Rxc2
Rxd3 0-1

[Event "Mechanics' Spring TNM; G/2"]
[Site "San Francisco"]
[Date "2015.04.21"]
[Round "6.20"]
[White "Nelson, Christopher"]
[Black "Gray, William"]
[Result "1/2-1/2"]
[WhiteElo "1665"]
[BlackElo "2050"]
[PlyCount "81"]
[EventDate "2015.??.??"]

1. e4 c5 2. Nf3 d6 3. d4 Nf6 4. Bb5+ Nbd7 5. Nc3 cxd4 6. Nxd4 g6 7. Bg5 Bg7 8.
Qd2 O-O 9. f3 a6 10. Bc4 Ne5 11. Bb3 b5 12. Bh6 Nc4 13. Bxc4 bxc4 14. Bxg7 Kxg7
15. Nd5 Bb7 16. Nxf6 Kxf6 17. h4 e6 18. g4 Rc8 19. c3 Qa5 20. Qf4+ Ke7 21. Qg5+
Qxg5 22. hxg5 Rc5 23. Rxh7 Rxg5 24. O-O-O d5 25. exd5 Bxd5 26. Rf1 Rb8 27. Nc2
Re5 28. Nb4 Re2 29. Nc2 a5 30. Re1 Bxf3 31. Rxe2 Bxe2 32. Nd4 Rd8 33. Nxe2 e5
34. Ng3 Ke6 35. Ne4 f5 36. gxf5+ gxf5 37. Rh6+ Kd5 38. Nf6+ Ke6 39. Ng4+ Kd5
40. Ne3+ Ke4 41. Nxc4 {...} 1/2-1/2

[Event "Mechanics' Spring TNM; G/2"]
[Site "San Francisco"]
[Date "2015.04.07"]
[Round "4.20"]
[White "Nelson, Christopher"]
[Black "Maser, Tom"]
[Result "1-0"]
[WhiteElo "1665"]
[BlackElo "1956"]
[PlyCount "37"]
[EventDate "2015.??.??"]

1. e4 e5 2. Nc3 Nf6 3. f4 d6 4. Nf3 Nc6 5. Bc4 Be7 6. d3 Bg4 7. h3 Bxf3 8. Qxf3
Nd4 9. Qf2 Nh5 10. Bxf7+ Kxf7 11. fxe5+ Ke8 12. Qxd4 Ng3 13. Rg1 c5 14. Qa4+
Kf7 15. Bf4 Bh4 16. O-O-O Bg5 17. Qb3+ Kf8 18. Rgf1 Nxf1 19. Rxf1 1-0

[Event "Mechanics' Winter TNM; 30/90, SD/30"]
[Site "San Francisco"]
[Date "2015.02.10"]
[Round "6.18"]
[White "Nelson, Christopher"]
[Black "McCarty-Snead, Callaghan"]
[Result "0-1"]
[WhiteElo "1665"]
[BlackElo "1843"]
[PlyCount "64"]
[EventDate "2015.??.??"]

1. d4 Nf6 2. Nf3 g6 3. Bg5 Bg7 4. Nbd2 O-O 5. e3 d6 6. Bd3 Nbd7 7. Qe2 h6 8.
Bh4 c5 9. c3 Qb6 10. Rb1 cxd4 11. exd4 Nd5 12. O-O Nf4 13. Qe4 Nxd3 14. Qxd3
Nf6 15. Qe2 Bf5 16. Nc4 Qa6 17. Rbe1 Qxa2 18. Ra1 Qb3 19. Ne3 Bd7 20. Bxf6 Bxf6
21. Rfc1 e6 22. Nd2 Qb5 23. Nec4 Bg7 24. Ra5 Qc6 25. Ne4 b6 26. Ra6 d5 27. Na5
Qb5 28. Qxb5 Bxb5 29. Nb3 Bxa6 30. Nd6 Rfd8 31. Ra1 Bd3 32. Nb7 Rd7 0-1

[Event "Mechanics' Winter TNM; 30/90, SD/30"]
[Site "San Francisco"]
[Date "2015.02.24"]
[Round "8.33"]
[White "Nelson, Christopher"]
[Black "Simpkins, Jerry"]
[Result "1-0"]
[WhiteElo "1665"]
[BlackElo "1478"]
[Annotator "Donaldson"]
[PlyCount "111"]
[EventDate "2015.??.??"]

1. e4 e5 2. Nc3 Nf6 3. f4 d6 4. Nf3 Bg4 5. Bc4 Nc6 6. O-O Be7 7. a3 Qd7 8. d3
Nd4 9. f5 h6 10. h3 Bxf3 (10... Nxf3+ 11. gxf3) 11. gxf3 Nh7 12. Rf2 Bf6 13.
Ne2 Nxe2+ 14. Qxe2 Ng5 15. Rh2 Qe7 16. f4 Nh7 17. Be3 O-O-O 18. a4 exf4 19.
Bxf4 Be5 20. Qe3 Bxf4 21. Qxf4 Qf6 22. c3 Ng5 23. h4 Ne6 24. Qe3 Nc5 25. d4 Nd7
26. b4 g5 27. h5 Nb6 28. Be2 d5 29. a5 Nc4 30. Bxc4 dxc4 31. Rg2 Rhe8 32. Rg4
Qxf5 33. Qg3 Rxe4 34. Rxe4 Qxe4 35. Re1 Qh4 36. Qxh4 gxh4 37. Re7 Rg8+ 38. Kf2
Rg7 39. Re4 Kd8 40. Rxh4 Rg5 41. Kf3 f5 42. Kf4 Ke7 43. Ke5 c6 44. Rh3 a6 45.
Kf4 Kf6 46. Rh2 Rg4+ 47. Kf3 Kg5 48. d5 cxd5 49. Rd2 Rf4+ 50. Ke3 Re4+ 51. Kf3
Re5 52. Rg2+ Kxh5 53. Kf4 Re4+ 54. Kxf5 Re3 $4 (54... Rh4 $15) 55. Rh2+ Rh3 56.
Rxh3# 1-0

[Event "Mechanics' Spring TNM; G/2"]
[Site "San Francisco"]
[Date "2015.05.05"]
[Round "8.14"]
[White "Nelson, Christopher"]
[Black "Steger, Eric"]
[Result "0-1"]
[WhiteElo "1665"]
[BlackElo "1963"]
[PlyCount "84"]
[EventDate "2015.??.??"]

1. d4 Nf6 2. c4 g6 3. Nc3 Bg7 4. e4 d6 5. f3 O-O 6. Be3 c5 7. Nge2 Nc6 8. d5
Ne5 9. Nc1 e6 10. Qd2 exd5 11. cxd5 a6 12. Be2 b5 13. Bh6 b4 14. Nd1 {Diagram #
} Nxe4 $1 15. Qf4 Nf6 16. Bxg7 Kxg7 17. Ne3 Nh5 18. Qe4 f5 19. Qc2 Qh4+ 20. Kd2
Qd4+ 21. Nd3 c4 22. Nxc4 Nxc4+ 23. Kc1 Bb7 24. Nxb4 Rac8 25. Rd1 Qf4+ 26. Kb1
Na3+ 27. bxa3 Rxc2 28. Nxc2 Rb8 29. Nd4 Bxd5+ 30. Kc2 Qe5 31. g3 Bf7 32. f4
Qc5+ 33. Kd3 Qxa3+ 34. Kd2 Qb4+ 35. Ke3 Re8+ 36. Kf2 Qc3 37. Kg2 Bd5+ 38. Kh3
Nxf4+ 39. Kh4 Nxe2 40. Nxe2 Rxe2 41. Rac1 Qf6+ 42. Kh3 Bg2# 0-1

[Event "Mechanics' Leighton Allen TNM; G/2"]
[Site "San Francisco"]
[Date "2015.09.22"]
[Round "8.31"]
[White "Nergui, Myagmar"]
[Black "Allen, Tom Carter"]
[Result "0-1"]
[WhiteElo "1236"]
[BlackElo "1541"]
[PlyCount "74"]
[EventDate "2015.??.??"]

1. e4 e5 2. Nf3 Nc6 3. Bc4 Nf6 4. Nc3 Bb4 5. d3 Bxc3+ 6. bxc3 d6 7. h3 a6 8.
Bg5 h6 9. Bh4 g5 10. Bg3 Na5 11. Bb3 Nxb3 12. cxb3 Be6 13. Qc2 Qd7 14. d4 Nh5
15. dxe5 Nxg3 16. fxg3 dxe5 17. Nxe5 Qd6 18. Nd3 Qxg3+ 19. Nf2 O-O-O 20. O-O h5
21. Nh1 Qe5 22. Rae1 g4 23. h4 g3 24. Rf3 Rhg8 25. Ree3 Rg4 26. Nxg3 Rxh4 27.
Rd3 Rxd3 28. Qxd3 Kb8 29. Nf5 Rxe4 30. Ne3 f5 31. Kf2 f4 32. Nc4 Qc5+ 33. Kf1
Bf5 34. Qd2 b5 35. Qd8+ Kb7 36. Nd2 Re3 37. Rxf4 Bd3+ 0-1

[Event "Mechanics' Leighton Allen TNM; G/2"]
[Site "San Francisco"]
[Date "2015.08.04"]
[Round "1.24"]
[White "Nergui, Myagmar"]
[Black "Newey, Richard H"]
[Result "0-1"]
[WhiteElo "1236"]
[BlackElo "1856"]
[PlyCount "60"]
[EventDate "2015.??.??"]

1. e4 c5 2. c4 Nc6 3. Nc3 g6 4. d3 Bg7 5. Bd2 Nf6 6. Nf3 d6 7. h3 O-O 8. Be2
Nd7 9. a3 Nde5 10. O-O Bd7 11. Rb1 Nxf3+ 12. Bxf3 Nd4 13. b4 b6 14. Nd5 Re8 15.
Be3 e6 16. Nf4 Bc6 17. Bxd4 Bxd4 18. b5 Bb7 19. Ne2 Bg7 20. Ng3 Qg5 21. Bg4 f5
22. Bf3 Bd4 23. Kh2 Qf4 24. Kg1 $4 {Diagram #} Qxg3 $1 25. Qe2 Qf4 26. Kh1 Qh6
27. a4 Rad8 28. Qa2 fxe4 29. dxe4 Qf4 30. Rbe1 Be5 0-1

[Event "Mechanics' Winter TNM; 30/90, SD/30"]
[Site "San Francisco"]
[Date "2015.01.20"]
[Round "3.31"]
[White "Newey, Richard"]
[Black "Hood, Bryan"]
[Result "1-0"]
[WhiteElo "1755"]
[BlackElo "1521"]
[PlyCount "113"]
[EventDate "2015.??.??"]

1. e4 c5 2. Nf3 g6 3. Bc4 Bg7 4. O-O e6 5. d4 cxd4 6. Nxd4 Nc6 7. Nb5 d5 8.
exd5 exd5 9. Re1+ Nge7 10. Qxd5 Qxd5 11. Nc7+ Kd7 12. Nxd5 Nxd5 13. Bxd5 Nb4
14. Bb3 Re8 15. Rd1+ Ke7 16. c3 Nc6 17. Bg5+ Kf8 18. Na3 a6 19. Be3 b5 20. Nc2
Bf5 21. Bc5+ Kg8 22. Ne3 Be6 23. Kf1 Bxb3 24. axb3 Nd8 25. Bb4 Ne6 26. Rd6 Nc7
27. Nd5 Nxd5 28. Rxd5 Re6 29. Rxb5 Rae8 30. Rba5 Ra8 31. Bc5 Bh6 32. Bd4 Bd2
33. g3 f5 34. b4 Rd6 35. b5 Rxd4 36. cxd4 Bxa5 37. Rxa5 Kf7 38. bxa6 Ke6 39. a7
Kd6 40. Ke2 Kc6 41. b4 Kb6 42. Kd3 Rxa7 43. Rxa7 Kxa7 44. Kc4 Kb6 45. Kd5 Kb5
46. Kd6 Kxb4 47. Kc6 g5 48. d5 h5 49. d6 f4 50. d7 fxg3 51. fxg3 h4 52. d8=Q
hxg3 53. hxg3 g4 54. Qd3 Ka4 55. Qb1 Ka3 56. Kc5 Ka4 57. Qb4# 1-0

[Event "Mechanics' Winter TNM; 30/90, SD/30"]
[Site "San Francisco"]
[Date "2015.02.17"]
[Round "7.16"]
[White "Newey, Richard"]
[Black "Krasnov, Steven"]
[Result "1/2-1/2"]
[WhiteElo "1755"]
[BlackElo "2016"]
[PlyCount "130"]
[EventDate "2015.??.??"]

1. e4 c5 2. Nf3 d6 3. d4 cxd4 4. Nxd4 Nf6 5. Nc3 a6 6. Be2 e6 7. O-O Nbd7 8.
Be3 Qc7 9. Nb3 b5 10. a3 Bb7 11. Bf3 Be7 12. g3 Rc8 13. Bg2 Ne5 14. Nd2 h5 15.
h3 g6 16. f4 Ned7 17. Bd4 O-O 18. Qe2 Rfe8 19. Qf2 Nc5 20. Rae1 e5 21. fxe5
dxe5 22. Be3 Ne6 23. Nd5 Bxd5 24. exd5 Nd4 25. Ne4 Nf5 26. d6 Nxe4 27. Bxe4
Nxd6 28. Bd5 Rf8 29. c3 Nf5 30. Bb6 Qxb6 31. Qxb6 Bc5+ 32. Qxc5 Rxc5 33. Rxe5
Kg7 34. g4 hxg4 35. hxg4 Nh6 36. Rf4 Rd8 37. Rd4 Kf6 38. Bf3 Kxe5 39. Rxd8 Kf4
40. Kg2 a5 41. Re8 f5 42. gxf5 Nxf5 43. Re4+ Kg5 44. Rg4+ Kf6 45. Kf2 g5 46.
Re4 Rd5 47. Re2 Rc5 48. Bg4 Ne7 49. Re6+ Kf7 50. Rb6 Nd5 51. Rb7+ Kf6 52. Bd7
b4 53. Rb5 Rxb5 54. Bxb5 bxc3 55. bxc3 Nxc3 56. Bc6 Kf5 57. Ke3 Ke5 58. Kd3 Nd5
59. Kc4 Nc7 60. Kc5 g4 61. a4 g3 62. Bg2 Ke6 63. Kb6 Nd5+ 64. Kxa5 Nc3 65. Kb4
Nxa4 1/2-1/2

[Event "Mechanics' Winter TNM; 30/90, SD/30"]
[Site "San Francisco"]
[Date "2015.02.03"]
[Round "5.25"]
[White "Newey, Richard"]
[Black "Louie, Henry"]
[Result "1/2-1/2"]
[WhiteElo "1755"]
[BlackElo "1532"]
[PlyCount "91"]
[EventDate "2015.??.??"]

1. e4 e5 2. Nf3 Nc6 3. Nc3 Nf6 4. d4 exd4 5. Nxd4 Bc5 6. Be3 Nxd4 7. Bxd4 Bxd4
8. Qxd4 O-O 9. Bd3 d6 10. O-O-O Be6 11. h3 c5 12. Qe3 Qa5 13. Kb1 Rfd8 14. Nd5
Bxd5 15. exd5 Re8 16. Qd2 Qxd2 17. Rxd2 Re5 18. Rhd1 Rae8 19. Bb5 R8e7 20. c3
a6 21. Bd3 b5 22. c4 b4 23. b3 g6 24. Kb2 a5 25. Rc1 Ne4 26. Bxe4 Rxe4 27. Kc2
Kf8 28. a3 Re1 29. a4 Rxc1+ 30. Kxc1 Kg7 31. Kd1 Kf6 32. Re2 Rxe2 33. Kxe2 Ke5
34. Ke3 g5 35. g3 h5 36. Kd3 f5 37. Ke3 f4+ 38. Kf3 Kd4 39. gxf4 gxf4 40. Kxf4
Kc3 41. Kg5 Kxb3 42. f4 Kxc4 43. f5 b3 44. f6 b2 45. f7 b1=Q 46. f8=Q 1/2-1/2

[Event "Mechanics' Spring TNM; G/2"]
[Site "San Francisco"]
[Date "2015.04.07"]
[Round "4.27"]
[White "Newey, Richard"]
[Black "Nachiappan, Nagapp"]
[Result "1-0"]
[WhiteElo "1797"]
[BlackElo "1451"]
[PlyCount "69"]
[EventDate "2015.??.??"]

1. e4 c5 2. Nf3 d6 3. d4 cxd4 4. Nxd4 a6 5. c4 g6 6. Bd2 Bg7 7. Bc3 Nf6 8. Qc2
O-O 9. Be2 Nbd7 10. b4 Ne5 11. O-O Bd7 12. Nd2 Rc8 13. a4 Qc7 14. h3 Rfd8 15.
b5 a5 16. f4 Nxc4 17. Bxc4 e5 18. Ne2 Qc5+ 19. Kh1 exf4 20. Nxf4 Re8 21. Qb3
Re7 22. Rac1 Nxe4 23. Nxe4 Qxc4 24. Qxc4 Rxc4 25. Nxd6 Rxc3 26. Rxc3 Bxc3 27.
Nd5 Re6 28. Nxb7 Re1 29. Rxe1 Bxe1 30. Nf6+ Kf8 31. Nxd7+ Ke7 32. Ndc5 Bb4 33.
Nb3 Kd7 34. N7xa5 Kc7 35. Nc4 1-0

[Event "Mechanics' Spring TNM; G/2"]
[Site "San Francisco"]
[Date "2015.03.17"]
[Round "1.26"]
[White "Newey, Richard"]
[Black "Paquette, James"]
[Result "0-1"]
[WhiteElo "1797"]
[BlackElo "1381"]
[Annotator "Donaldson"]
[PlyCount "98"]
[EventDate "2015.??.??"]

1. e4 g6 2. d4 Bg7 3. f4 c5 4. d5 Qa5+ 5. c3 d6 6. Na3 Nf6 7. Nc4 Qc7 8. e5
dxe5 9. fxe5 Ng4 10. d6 Qd7 11. Nf3 Nc6 12. Qd5 b5 13. Na5 Bb7 14. Nxb7 Qxb7
15. dxe7 Ngxe5 16. Nxe5 Bxe5 17. Qxc5 Qb6 18. Qxb5 Kxe7 19. Bg5+ f6 20. Qxb6
axb6 21. Be3 Kf7 22. Bc4+ Kg7 23. Bd5 Rhc8 24. Ke2 Ra5 25. Bb3 Re8 26. Kf2 Bc7
{Diagram [#]} 27. Rad1 $4 (27. Rhe1 $18) 27... Rf5+ $2 28. Ke2 Bf4 29. Rd7+ Kh8
30. h4 Rxe3+ 31. Kd1 Re7 32. Rxe7 Nxe7 33. g4 Re5 34. h5 g5 35. h6 Nd5 36. Bxd5
Rxd5+ 37. Kc2 f5 38. gxf5 Rxf5 39. Rd1 Rf8 40. Rd7 g4 41. Rg7 g3 42. Kd1 Rg8
43. Ke2 Bxh6 44. Rxg8+ Kxg8 45. Kf3 Bf4 46. a4 h5 47. b4 h4 48. Kg2 Bc7 49. c4
Kf7 0-1

[Event "Mechanics' Spring TNM; G/2"]
[Site "San Francisco"]
[Date "2015.04.28"]
[Round "7.16"]
[White "Newey, Richard"]
[Black "Poling, Scott"]
[Result "1-0"]
[WhiteElo "1797"]
[BlackElo "1895"]
[PlyCount "53"]
[EventDate "2015.??.??"]

1. e4 e6 2. d4 d5 3. Nd2 Nf6 4. e5 Nfd7 5. Bd3 c5 6. c3 Nc6 7. Ne2 Qb6 8. Nf3
cxd4 9. cxd4 Be7 10. O-O f6 11. exf6 Nxf6 12. b3 O-O 13. Bb2 Bd7 14. Rc1 Bd6
15. Kh1 Be8 16. Ng3 Bh5 17. Nxh5 Nxh5 18. Ng5 Nf6 19. Nxe6 Rfe8 20. Nc5 Qc7 21.
h3 Bf4 22. Rc2 b6 23. Na6 Qb7 24. Qf3 Bd6 25. Rfc1 Ne7 26. Rc7 Bxc7 27. Rxc7
1-0

[Event "Mechanics' Spring TNM; G/2"]
[Site "San Francisco"]
[Date "2015.05.05"]
[Round "8.13"]
[White "Newey, Richard"]
[Black "Uzzaman, Ashik"]
[Result "0-1"]
[WhiteElo "1797"]
[BlackElo "2045"]
[PlyCount "30"]
[EventDate "2015.??.??"]

1. e4 c5 2. Nf3 d6 3. Bc4 Nf6 4. Nc3 a6 5. O-O e6 6. Bb3 b5 7. e5 dxe5 8. Nxe5
c4 9. Nxc4 bxc4 10. Bxc4 Bb7 11. d4 Qc7 12. Qe2 Bd6 13. f4 O-O 14. d5 exd5 15.
Nxd5 Nxd5 0-1

[Event "Mechanics' Summer TNM; G/2"]
[Site "San Francisco"]
[Date "2015.06.23"]
[Round "5.11"]
[White "Newey, Richard H"]
[Black "Kokesh, Tim"]
[Result "1-0"]
[WhiteElo "1795"]
[BlackElo "2052"]
[Annotator "Donaldson"]
[PlyCount "47"]
[EventDate "2015.??.??"]

1. e4 e6 2. d4 d5 3. Nd2 Nf6 4. e5 Nfd7 5. Bd3 c5 6. c3 Nc6 7. Ne2 Qb6 8. Nf3
cxd4 9. cxd4 f6 10. exf6 Nxf6 11. O-O Bd6 12. a3 (12. Nc3 O-O 13. Be3 Bd7 14.
a3 Be8 15. Ne5 (15. Ng5)) 12... O-O 13. Re1 e5 14. dxe5 Nxe5 15. Ned4 Nxf3+ 16.
Nxf3 Ng4 17. Qc2 Bc5 18. Re2 Qd6 19. Bxh7+ Kh8 20. h3 Nxf2 21. Qg6 Qxg6 22.
Bxg6 Nxh3+ 23. Kh2 {Diagram #} Nf4 $2 (23... Bd6+ $1 24. Kh1 Bg4 $19) 24. Bxf4
{and now Black had a blind spot and forgot he could play 24... Rxf4, meeting
25. Re8+ with 25...Rf8.} 1-0